God and His Attributes (Record no. 1318)

MARC details
000 -LEADER
fixed length control field 00377nam a22001337a 4500
008 - FIXED-LENGTH DATA ELEMENTS--GENERAL INFORMATION
fixed length control field 230619b xxu||||| |||| 00| 0 eng d
020 ## - INTERNATIONAL STANDARD BOOK NUMBER
International Standard Book Number 1871031079
082 ## - DEWEY DECIMAL CLASSIFICATION NUMBER
Classification number 297.20
Item number POLAR
110 ## - MAIN ENTRY--CORPORATE NAME
Subordinate unit Islamic Educational Center
245 ## - TITLE STATEMENT
Title God and His Attributes
Remainder of title Lessons on Islamic Doctrine
260 ## - PUBLICATION, DISTRIBUTION, ETC. (IMPRINT)
Place of publication, distribution, etc. Potomac
Name of publisher, distributor, etc. Islamic Educational Center
Date of publication, distribution, etc. 1989
300 ## - PHYSICAL DESCRIPTION
Extent 205p
942 ## - ADDED ENTRY ELEMENTS (KOHA)
Source of classification or shelving scheme Dewey Decimal Classification
Koha item type Books
Holdings
Withdrawn status Lost status Source of classification or shelving scheme Damaged status Not for loan Home library Current library Date acquired Total Checkouts Full call number Barcode Date last seen Price effective from Koha item type
    Dewey Decimal Classification     County Hall Archives County Hall Archives 06/19/2023   297.20 POLAR 10000724 06/19/2023 06/19/2023 Books
LIBRARY OPENING HOURS

When the Parliament is sitting: 8.00a.m - 7.00p.m or until the house adjourns
Mondays and Fridays and when the House is on Recess:  8.00a.m - 5.00p.m
Closed on Weekends and Public Holidays

Online Public Access Catalog (OPAC)
Website: http://www.parliament.go.ke
Bunge Library: https://libraryir.parliament.go.ke
Contact: library@parliament.go.ke | Tel no: (254-2)2221291 or 2848000 Ext 5043